| 000 | 00587nam a2200193 a 4500 | ||
|---|---|---|---|
| 005 | 20240924065106.0 | ||
| 008 | 991125 1949 par 000 0 spa u | ||
| 035 | _aUPN01000006906 | ||
| 049 | _aCG | ||
| 050 | 4 |
_aLB1578 A2 _bN3.2 |
|
| 100 | 1 |
_aNannetti, Guillermo _929735 |
|
| 245 | 1 | 0 |
_aCartilla del suelo : _bhistoria de Antonio Arango / _cpor Guillermo Nannetti y Emma Reyes. |
| 260 |
_aParís : _bUNESCO, _c1949. |
||
| 300 |
_a[55] p. : _bil. |
||
| 650 | 4 |
_aCartillas (Lectura elemental) _91832 |
|
| 650 | 4 |
_aEducación rural _99764 |
|
| 700 | 1 |
_aReyes, Emma, _ecoaut. |
|
| 905 | _aLibro | ||
| 999 |
_c6906 _d6906 |
||